| 000 | 00868nam a22002177a 4500 | ||
|---|---|---|---|
| 999 |
_c5733 _d5733 |
||
| 003 | AR-CdUCM | ||
| 008 | 190313b ||||| |||| 00| 0 spa d | ||
| 040 |
_aMUNICIPALIDAD PROVINCIAL DEL CUSCO _cBIBLIOTECA MUNICIPAL DEL CUSCO |
||
| 082 |
_a869.58 / _bA58 |
||
| 100 |
_aAngeles Caballero, César A. _96978 |
||
| 245 | _aEstudios en torno a Valdelomar / | ||
| 260 |
_aIca : _bTalleres Gráficos de La Voz de Ica, _c1961. |
||
| 300 |
_a53 páginas ; _bFotografías, _c21 cm. |
||
| 500 | _aDonación familia Nieto | ||
| 505 | _aContenido: Valdelomar en portugués -- Valdelomar ensayista -- Presencia en Pisco en la literatura Valdelomiana -- Dos prosas desconocidas de Abraham Valdelomar... | ||
| 650 |
_aBibliografía de Abraham Valdelomar _917068 |
||
| 650 |
_aLiteratura _983 |
||
| 650 |
_aCronología de Valdelomar _917069 |
||
| 942 |
_2ddc _cLIBROS |
||
| 945 | _adavv | ||